Quiz su Roblox - Statistics

Statistiche generali
  • Questo quiz è stato fatto 7 volte
    5 dall'ultimo reset
  • Il punteggio medio è 5 su 10
Statistiche sulle risposte
Domanda Risposta % Corretto
Skin iniziale Bacon
100%
Contatti in tutto +200
50%
Gioco più giocato Adopt me
50%
RP più giocata Brookhaven
50%
In che gioco i giocatori si findanzano Brookhaven
50%
In che gioco si trovano i brainrot Ruba un brainrot
50%
Esiste il giocatore Roblox Si
50%
Gli Youtuber ci giocano Si
50%
In che gioco si sopravvive 99 notti 99 Notti nella foresta
25%
Luogo in cui è stato creato Stati uniti
25%
Nessun quiz corrispondente trovato
Distribuzione punteggi
Percentuale di utenti per punteggio
Percentile per numero di risposta
I tuoi punteggi nel tempo
Non hai fatto questo quiz dall'ultimo reset